Cages and aviaries

Bibliographic Details
Main Author: Enehjelm, Curt AF
Other Authors: Frise, U. Erich (translated)
Format: Book
Published: New Jersey : T.F.H. Pub , 1981
Subjects:

MARC

LEADER 00000cam a2200000 7i4500
001 0000000024
002 000000033
005 20000330.0
020 |a 0876668406 
090 0 0 |a 636.68   |b ENE 
100 0 |a Enehjelm, Curt AF 
245 1 0 |a Cages and aviaries   |c Curt AF Enehjelm ; translated by U. Erich Friese 
260 |a New Jersey :   |b T.F.H. Pub ,   |c 1981 
300 |a 155 p. :   |b ill. ;   |c 21cm. 
650 0 0 |a Aviary birds 
650 0 0 |a Cage birds 
700 0 |a Frise, U. Erich ,   |e translated 
740 0 |a Cages and aviaries 
999 |a 027815   |b BUKU   |c PINJAMAN   |e PERPUSTAKAAN KOMUNITI PETALING JAYA